000 00701cab a2200229 4500
001 WB3026-52
008 090401t1994 xxu||||| |||| 00| 0 eng d
035 _a(Sirsi) u81287
041 _aeng
245 _aCrossRail scheme
260 _c1994
350 _a0
490 _aFinancial Times
_v2 July 1994, 7(1)
520 _aCrossRail was squeezed out by more pressing transport schemes such as Heathrow Express rail link and the Channel tunnel terminus at St Pancras, which will exhaust private capital.
650 _aBLIGHT
650 _aCROSSRAIL
650 _aPRIVATE BILLS
650 _aPRIVATE FINANCE
690 _aTRANSPORT AND COMMUNICATIONS
942 _n0
948 _c04/03/1997
999 _c51219
_d51219